000 01042cam a2200349 a 4500
001 5600
003 FISKH
005 20241220080445.0
008 901022s1991 ilua j 001 0 eng
010 _a 90022526
020 _a0516049089 (lib. bdg.)
040 _aDLC
_cDLC
_dDLC
_beng
042 _alcac
050 _aQP451.F69
082 _a152.1
100 1 _aFowler, Allan.
245 1 0 _aFeeling things /
_cby Allan Fowler ; images supplied by Valan Photos.
260 _aChicago :
_bChildrens Press,
_c1991.
300 _a31 pages :
_bcolor illustrations ;
_c19 cm
500 _aIncludes index.
505 _aG
520 _aDiscusses the sense of touch and how it works to tell us more about the world around us.
521 8 _a420
_bLexile
521 8 _aG
_bRaz-Plus Raz-Plus
650 0 _aTouch
_xJuvenile literature.
650 1 _aTouch.
650 1 _aSenses and sensation.
710 2 _aValan Photos.
906 _a7
_bcbc
_corignew
_d1
_eocip
_f19
_gy-gencatlg
942 _2ddc
_cBK
_n0
999 _c5600
_d5600